|
|
|
|
| LEADER |
00000nab a2200000 a 4500 |
| 001 |
vtls000897914 |
| 003 |
SK-MaSNL |
| 005 |
20260304181322.0 |
| 008 |
140423e19970000xo 0 slo |
| 035 |
|
|
|a KE6935
|
| 040 |
|
|
|a KEVKJB
|b slo
|c KEVKJB
|e AACR2
|
| 041 |
0 |
|
|a slo
|
| 044 |
|
|
|a xo
|c SK
|
| 080 |
|
|
|a 885.4:929
|2 1981
|
| 080 |
|
|
|a 929
|2 1981
|
| 100 |
1 |
|
|a Puchala, Vladimír,
|d 1967-
|4 aut
|9 104634
|
| 245 |
1 |
0 |
|a Koniec výkrikov z balkóna
|b Hovoríme s básnikom Vladom Puchalom
|
| 300 |
|
|
|b 2 foto
|
| 590 |
|
|
|a Puchala, Vladimír 1967-,
|b básnik, odborný asistent, 26.11.1967-,
|
| 600 |
1 |
7 |
|a Puchala, Vladimír,
|d 1967-,
|2 KEVKJB
|9 104634
|
| 610 |
2 |
7 |
|a Prešovská univerzita v Prešove
|2 KEVKJB
|9 177485
|
| 650 |
0 |
7 |
|a slovenská literatúra
|2 KEVKJB
|9 1115
|
| 650 |
0 |
7 |
|a pôsobenie
|2 KEVKJB
|9 877655
|
| 650 |
0 |
7 |
|a bydlisko
|2 KEVKJB
|9 880565
|
| 650 |
0 |
7 |
|a rozhovory
|2 KEVKJB
|9 453585
|
| 651 |
|
7 |
|a Prešov (Slovensko)
|2 KEVKJB
|9 17347
|
| 651 |
|
7 |
|a Košice (Slovensko)
|2 KEVKJB
|9 18694
|
| 700 |
1 |
0 |
|a Urban, Jozef
|4 aut
|9 333447
|
| 773 |
0 |
8 |
|t Literárny týždenník
|g Roč. 10, č.22 (1997), s. 1,10
|x 0862-5999
|
| 852 |
|
|
|a ZVYKNI
|b KIS3GCP
|
| 999 |
|
|
|c 3023172
|d 3025102
|